=LDR 00000nam 2200000 4500 =001 INLIS000000000037067 =005 20130612142821 =008 ***********************************Ind** =035 ##$$0010-061300000037067 =041 ##$$a Ind =082 ##$$a 028.5 =090 ##$$a 028.5, Set a =100 ##$$a Setyawan, Koen =245 ##$$a Animal survibal bekantan, Koen Setyawan =260 ##$$a 2009 $b jakarta =300 ##$$a 32 hlm, ilus, 24 cm =650 ##$$a Bacaan kanak-kanak =850 ##$$a NBPNMAT